|
书名:
|
社会学
|
|
|
作者:
|
袁亚愚
,
詹一之
主编
|
|
出版信息:
|
成都
四川大学出版社
1986.05
|
|
开本页数:
|
19cm 
311页
|
|
丛书名:
|
|
|
单 册:
|
|
|
中图分类:
|
C
|
|
科图分类:
|
|
|
主题词:
|
社会科学
|
|
电子资源:
|
|
|
ISBN:
|
|
|
000
|
00606nam0 2200205 45
|
|
001
|
0198335509
|
|
005
|
20060322151057.64
|
|
010
|
|
@dCNY1.75
|
|
100
|
|
@a19980219d1986 km y0chiy0120 ea
|
|
101
|
0
|
@achi
|
|
200
|
1
|
@Ashe hui xue@e历史 理论 方法@Fyuan ya yu,zhan yi zhi zhu bian@a社会学@f袁亚愚,詹一之主编
|
|
210
|
|
@a成都@c四川大学出版社@d1986.05
|
|
215
|
|
@a311页@c无图表@d19cm
|
|
517
|
1
|
@a历史 理论 方法@Ali shi li lun fang fa
|
|
606
|
0
|
@a社会科学
|
|
690
|
|
@aC@v3@aC@v3
|
|
701
|
0
|
@a袁亚愚@Ayuan ya yu@4主编
|
|
701
|
0
|
@a詹一之@Azhan yi zhi@4主编
|
|
801
|
0
|
@c20060322
|
|
905
|
|
@a10447@dC@e185
|
|
|
|
|
| |
| 历史 理论 方法;社会学/袁亚愚,詹一之主编.-成都:四川大学出版社,1986.05 |
| 311页:无图表;19cm |
| |
| |
| ISBN :CNY1.75 |
| |
| ● |
正题名:社会学
索取号:C/185
 
预约/预借
| 序号
|
登录号
|
条形码
|
馆藏地/架位号
|
状态
|
备注
|
|
1
|
93751
|
200937512
|
海科密-1楼/3架9列7层/
[索取号:C/185]
|
在馆
|
|
|
2
|
93752
|
200937521
|
海科密-1楼/3架9列6层/
[索取号:C/185]
|
在馆
|
|